000 00537nam a2200169 4500
001 132074
003 ES-MaACL
005 20250824063042.0
007 t|
008 070214s1925 sp r ||||1| spa d
100 1 _aRodríguez Sádia, Emilio
_9163781
245 1 0 _aVelázquez
_b: estudio crítico /
_cpor E. Rodríguez Sádia ; edición fotográfica por A. González Nieto.
260 _aMadrid :
_bVoluntad,
_c1925.
300 _a31 p., 25 lám. ;
_c23 x 14 cm.
852 _aES-MaACL
_jF-13703
999 _c132074
_d132074